000 00245 a2200109 4500
001 63239
082 _a941.0850924WAY
090 _c37303
_d37303
100 _aWyutt W
245 _aConfessions of an optimist
260 _aLondon
_bCollins
942 _aNUST-CAE
_k941.0850924WAY
999 _c298312
_d298312